Рефератул де даре де самэал секретарулуй Комитетулуй Чентрал ал ПК(б) дин Украина тов. Н. С. Хрущев ши резолуция Конгресулуй XVI ал партидулуй Комунист (ал большевичилор) дин Украина, луатэ дупэ рефератул де даре де самэ ал Комитетулуй Чентрал ал ПК (б) дин Украина (Запись № 13338362)

Подробности
000 -МАРКЕР
контрольное поле 01428nam0a2200265 4500
001 - ИДЕНТИФИКАТОР ЗАПИСИ
контрольное поле RU\NLR\BIBL_A\022420566
005 - ИДЕНТИФИКАТОР ВЕРСИИ
контрольное поле 20250625230100.0
010 ## - МЕЖДУНАРОДНЫЙ СТАНДАРТНЫЙ НОМЕР КНИГИ (ISBN)
Тираж 3000
035 ## - ДРУГИЕ СИСТЕМНЫЕ НОМЕРА
Идентификатор записи (NLR Aleph) 022420566
100 ## - ДАННЫЕ ОБЩЕЙ ОБРАБОТКИ
Данные общей обработки 20241224d1949 |||y0rusy50 ca
101 0# - ЯЗЫК РЕСУРСА
Язык текста, звукозаписи и т.д. молдавский
102 ## - СТРАНА ПУБЛИКАЦИИ ИЛИ ПРОИЗВОДСТВА
Страна публикации Молдова
105 ## - ПОЛЕ КОДИРОВАННЫХ ДАННЫХ: ТЕКСТОВЫЕ МАТЕРИАЛЫ, МОНОГРАФИЧЕСКИЕ
Кодированные данные о монографическом текстовом документе y z 000 y
181 #0 - ПОЛЕ КОДИРОВАННЫХ ДАННЫХ: ВИД СОДЕРЖАНИЯ
Код вида содержания (ISBD) i
Код характеристики содержания (ISBD) axxe
182 #0 - ПОЛЕ КОДИРОВАННЫХ ДАННЫХ: ТИП СРЕДСТВА
Код типа средства (ISBD) n - непосредственное
200 1# - ЗАГЛАВИЕ И СВЕДЕНИЯ ОБ ОТВЕТСТВЕННОСТИ
Основное заглавие Рефератул де даре де самэал секретарулуй Комитетулуй Чентрал ал ПК(б) дин Украина тов. Н. С. Хрущев ши резолуция Конгресулуй XVI ал партидулуй Комунист (ал большевичилор) дин Украина, луатэ дупэ рефератул де даре де самэ ал Комитетулуй Чентрал ал ПК (б) дин Украина
Первые сведения об ответственности Конгресул XVI ал партидулуй Комунист (ал большевичилор) дин Украина
203 ## - ВИД СОДЕРЖАНИЯ И ТИП СРЕДСТВА
Вид содержания Текст
Дополнительные сведения об издании визуальный
Тип средства непосредственный
210 ## - ПУБЛИКАЦИЯ, РАСПРОСТРАНЕНИЕ И ДР.
Место издания, распространения и т.д. Кишинэу
Имя издателя, распространителя и т. д. Едитура де Стат а Молдовей
Дата издания, распространения и т.д. 1949
215 ## - ФИЗИЧЕСКАЯ ХАРАКТЕРИСТИКА
Специфическое обозначение материала и объем 140,[2] с.
Размеры 20
541 1# - ПЕРЕВОД ЗАГЛАВИЯ, СДЕЛАННЫЙ КАТАЛОГИЗАТОРОМ
Заглавие Доклад Секретаря Центрального Комитета КП(б)У тов. Н. С. Хрущева на XVI съезде КП(б)У
Язык заглавия русский
686 1# - ИНДЕКСЫ ДРУГИХ КЛАССИФИКАЦИЙ
Индекс Ф61(2)8
942 ## - ДОПОЛНИТЕЛЬНЫЕ ЭЛЕМЕНТЫ ЗАПИСИ (АБИС)
Тип экземпляра АБИС Книга
980 ## - КОЛЛЕКЦИЯ
Название коллекции Национальная библиография
Экземпляры
Тип экземпляра Дата поступления Библиотека постоянного хранения Библиотека текущего хранения Место хранения Шифр хранения Штрих-код Статус экземпляра
Книга 24.12.2024 РНБ (Московский) РНБ (Московский) Фонд национальных литератур ОНЛ Молд./2-359 1-4385868